| 000 | 00641nam a2200229 i 4500 | ||
|---|---|---|---|
| 001 | bgj | ||
| 003 | BPK | ||
| 005 | 20140813115512.0 | ||
| 008 | 950505s1989 uk f |000 0 eng d | ||
| 020 | _a0582745020 (pbk) | ||
| 040 | _cBPK | ||
| 041 | _aeng | ||
| 080 | _a821.111(73) | ||
| 100 | 1 | _aHigh, Peter B. | |
| 245 | 1 | 0 |
_aAn Outline of American Literature / _cPeter B. High. |
| 250 | _a[3rd impr.]. | ||
| 260 |
_aLondon : _bLongman, _c1989 _aNew York. |
||
| 300 |
_a256 s. : _bil. ; _c24 cm. |
||
| 650 | 0 |
_aAmerican literature _xHistory and criticism |
|
| 655 | 4 |
_aLiteratura amerykaĆska _xhistoria |
|
| 942 |
_cKS _2UKD |
||
| 999 |
_c49342 _d49342 |
||
| 856 |
_uhttp://koha.tu.koszalin.pl/cgi-bin/koha/opac-detail.pl?biblionumber=49342 _yKatalog online BPK |
||